|
|
|
|
| LEADER |
00000nam#a22000001ab4500 |
| 001 |
00028687 |
| 003 |
AR-BaUAD |
| 005 |
20230908142053.0 |
| 008 |
010919s199u####uy#eo||##||||||||#||spa|d |
| 020 |
|
|
|a 9974602130
|
| 040 |
|
|
|a AR-BaUAD
|b spa
|c AR-BaUAD
|
| 041 |
|
|
|a spa
|
| 044 |
|
|
|c uy
|2 ISO3166-1
|
| 245 |
0 |
0 |
|a MARIO Payssé Reyes :
|b 1913-1988
|
| 260 |
|
|
|a [Montevideo?] :
|b Dos Puntos,
|c [199-?]
|
| 300 |
|
|
|a 103 p. :
|b cortes, dibs., fot., persp., planos, plantas + cuadro biográfico
|
| 490 |
|
|
|a Monografías Elarqa ;
|v 3
|
| 500 |
|
|
|a Anecdotario: p. 96.
|
| 500 |
|
|
|a Notas biográficas: p. 100.
|
| 653 |
|
|
|a ARQUITECTOS
|
| 653 |
|
|
|a OBRAS
|
| 653 |
|
|
|a PROYECTOS
|
| 653 |
|
|
|a BIOGRAFIAS
|
| 653 |
|
|
|a PAYSSE REYES, MARIO
|
| 655 |
|
|
|a TEXTO
|
| 852 |
|
|
|c 146-5
|
| 852 |
|
|
|c D 2-5
|
| 952 |
|
|
|0 0
|1 0
|4 0
|6 1465
|7 0
|9 36645
|a AR-BaUAD
|b AR-BaUAD
|d 0000-00-00
|e donac. Marcelo Payssé
|g 25.00
|i 28687
|l 0
|o 146-5
|p a2ryt28687
|r 2023-09-08 14:20:53
|w 2023-09-08
|y BK
|
| 952 |
|
|
|0 0
|1 0
|4 0
|6 D_25
|7 0
|9 36646
|a AR-BaUAD
|b AR-BaUAD
|d 2023-09-08
|i 28688
|l 0
|o D 2-5
|p s527m28688
|r 2023-09-08 14:20:53
|w 2023-09-08
|y BK
|
| 952 |
|
|
|0 0
|1 0
|4 0
|7 0
|9 36647
|a AR-BaUAD
|b AR-BaUAD
|d 2023-09-08
|i 28689
|l 0
|p v6byu28689
|r 2023-09-08 14:20:53
|w 2023-09-08
|y BK
|
| 952 |
|
|
|0 0
|1 0
|4 0
|7 0
|9 36648
|a AR-BaUAD
|b AR-BaUAD
|d 2023-09-08
|i 28690
|l 0
|p 08g9i28690
|r 2023-09-08 14:20:53
|w 2023-09-08
|y BK
|
| 952 |
|
|
|0 0
|1 0
|4 0
|7 0
|9 36649
|a AR-BaUAD
|b AR-BaUAD
|d 2023-09-08
|i 28691
|l 0
|p h42bu28691
|r 2023-09-08 14:20:53
|w 2023-09-08
|y BK
|
| 990 |
|
|
|a Ej. No1 : 28687 . 3/8/2001 -- donac. Marcelo Payssé -- (25 pesos).
|b ADM
|
| 990 |
|
|
|a Ej. No2 : 28688 .
|b ADM
|
| 990 |
|
|
|a Ej. No3 : 28689 .
|b ADM
|
| 990 |
|
|
|a Ej. No4 : 28690 .
|b ADM
|
| 990 |
|
|
|a Ej. No5 : 28691 .
|b ADM
|
| 990 |
|
|
|a AQ199
|b TD
|
| 990 |
|
|
|a AAQ00028687
|b CC
|
| 998 |
|
|
|a AAQ
|b Bibun 76
|
| 942 |
|
|
|c BK
|
| 999 |
|
|
|c 18225
|d 18225
|